[Event "Schachfestival 2013 - Open"]
[Site "Bad Woerishofen"]
[Date "2013.03.07"]
[Round "7.53"]
[White "König, Falk"]
[Black "Klett, Thomas"]
[Result "1-0"]
[WhiteElo "2135"]
[BlackElo "1874"]
[Annotator "chessorg"]
[PlyCount "67"]
[EventDate "2013.??.??"]
[WhiteTeam "Schachfreunde Vonkeln 1931"]
[BlackTeam "SV Urach"]

1. e4 d6 2. d4 Nf6 3. Nc3 g6 4. h3 Bg7 5. Be3 c6 6. Nf3 b5 7. a3 a5 8. Bd3 Na6
9. O-O Bb7 10. d5 b4 11. axb4 Nxb4 12. dxc6 Bxc6 13. Nd4 Nxd3 14. Nxc6 Qc7 15.
Qxd3 Qxc6 16. Bd4 O-O 17. Ra4 e5 18. Be3 Rfd8 19. Rfa1 d5 20. exd5 Nxd5 21.
Rxa5 Nb4 22. Qe2 Rxa5 23. Rxa5 e4 24. Rc5 Qe6 25. Rc4 Bxc3 26. Rxc3 Ra8 27. Kh2
Ra2 28. Rb3 Qe5+ 29. g3 Rxb2 30. Qc4 Rxb3 31. cxb3 Nd3 32. Qc8+ Kg7 33. Qd7
Nxf2 34. Bd4 1-0

[Event "Schachfestival 2013 - Open"]
[Site "Bad Woerishofen"]
[Date "2013.03.07"]
[Round "7.59"]
[White "Neuens, Heiko"]
[Black "Kluegel, Jan"]
[Result "1/2-1/2"]
[WhiteElo "2032"]
[BlackElo "1898"]
[Annotator "chessorg"]
[PlyCount "27"]
[EventDate "2013.??.??"]
[WhiteTeam "SC 1948 Pruem"]
[BlackTeam "SV VHS Rendsburg"]

1. e4 c6 2. d4 d5 3. exd5 cxd5 4. c4 Nf6 5. Nc3 Nc6 6. Bg5 e6 7. Nf3 Be7 8. c5
O-O 9. Bb5 a6 10. Bxc6 bxc6 11. O-O Nd7 12. Bxe7 Qxe7 13. Re1 f6 14. Qe2
1/2-1/2

[Event "Schachfestival 2013 - Open"]
[Site "Bad Woerishofen"]
[Date "2013.03.07"]
[Round "7.62"]
[White "Vaclahovsky, Gerhard"]
[Black "Trebbin, Wolfhard"]
[Result "0-1"]
[WhiteElo "1655"]
[BlackElo "1981"]
[Annotator "chessorg"]
[PlyCount "50"]
[EventDate "2013.??.??"]
[WhiteTeam "SK-Keres"]
[BlackTeam "SG Lasker Steglitz-Wilmersdorf"]

1. e4 c5 2. d4 cxd4 3. c3 dxc3 4. Nxc3 e6 5. a3 Nc6 6. Be3 Nf6 7. f3 Be7 8.
Nge2 O-O 9. Nf4 b6 10. Bc4 Na5 11. Ba2 Ba6 12. b4 Nc4 13. Bd2 Rc8 14. b5 Bb7
15. Bxc4 Rxc4 16. O-O Qc7 17. Qb3 d5 18. Nfe2 dxe4 19. fxe4 Nxe4 20. Nxe4 Rxe4
21. Ng3 Rc4 22. Rac1 Qc5+ 23. Be3 Qd5 24. Qa2 Rxc1 25. Qxd5 Rxf1+ 0-1

[Event "Schachfestival 2013 - Open"]
[Site "Bad Woerishofen"]
[Date "2013.03.07"]
[Round "7.68"]
[White "Zoll, Detlef"]
[Black "Straub, Hermann"]
[Result "1/2-1/2"]
[WhiteElo "1913"]
[BlackElo "1990"]
[Annotator "chessorg"]
[PlyCount "33"]
[EventDate "2013.??.??"]
[WhiteTeam "ESV Eberswalde 1949"]
[BlackTeam "SK-Frankenthal"]

1. d4 b6 2. e4 Bb7 3. Bd3 Nf6 4. Qe2 Nc6 5. c3 e5 6. d5 Ne7 7. Nf3 Ng6 8. g3 c6
9. c4 Bb4+ 10. Kf1 O-O 11. a3 cxd5 12. cxd5 Be7 13. Nc3 Rc8 14. h4 h5 15. Bg5
Ng4 16. Kg2 d6 17. Bd2 1/2-1/2

[Event "Schachfestival 2013 - Open"]
[Site "Bad Woerishofen"]
[Date "2013.03.07"]
[Round "7.13"]
[White "Stiller, Patrick"]
[Black "Meier, Volker"]
[Result "1/2-1/2"]
[WhiteElo "2165"]
[BlackElo "2249"]
[Annotator "chessorg"]
[PlyCount "55"]
[EventDate "2013.??.??"]
[WhiteTeam "SK Marktoberdorf"]
[BlackTeam "SC Tarrasch 45 Muenchen"]

1. c4 Nf6 2. g3 g6 3. Bg2 Bg7 4. Nc3 O-O 5. e4 d6 6. Nge2 e5 7. d3 c6 8. O-O
Nbd7 9. h3 Qe7 10. Be3 a5 11. Qd2 Nc5 12. Kh2 Re8 13. Rae1 a4 14. f4 exf4 15.
Nxf4 a3 16. b3 Nfd7 17. Rf2 h5 18. Ref1 h4 19. g4 Nf8 20. Kg1 Nh7 21. Nfe2 Rf8
22. d4 Ne6 23. b4 Neg5 24. c5 dxc5 25. bxc5 Be6 26. d5 Bd7 27. Bf4 Qxc5 28.
Bxg5 1/2-1/2

[Event "Schachfestival 2013 - Open"]
[Site "Bad Woerishofen"]
[Date "2013.03.07"]
[Round "7.18"]
[White "Kammers, Heribert"]
[Black "Stuemer, Paul"]
[Result "1/2-1/2"]
[WhiteElo "2166"]
[BlackElo "2117"]
[Annotator "chessorg"]
[PlyCount "87"]
[EventDate "2013.??.??"]
[WhiteTeam "Schachklub Muenster 32 e.V."]
[BlackTeam "SV Bergneustadt/Derschlag"]

1. d4 Nf6 2. c4 g6 3. Nc3 Bg7 4. e4 O-O 5. f4 c5 6. d5 d6 7. Be2 b5 8. cxb5 e6
9. Nf3 exd5 10. e5 Ne4 11. Qxd5 Nxc3 12. bxc3 Qb6 13. O-O Bb7 14. Qxd6 Qxd6 15.
exd6 Bxc3 16. Rb1 Nd7 17. Bb2 Bxb2 18. Rxb2 Rfe8 19. Rd1 f6 20. a4 Re4 21. a5
Rae8 22. a6 Ba8 23. Rdd2 Rxf4 24. Bd1 Kf8 25. Re2 Rfe4 26. Rxe4 Rxe4 27. Re2
Rxe2 28. Bxe2 Nb6 29. Nd2 Ke8 30. Bf3 Bxf3 31. gxf3 f5 32. Nb3 c4 33. Nd4 Kd7
34. Kf2 Kxd6 35. Nc6 Kc5 36. Nxa7 Na8 37. Nc8 Kxb5 38. Nd6+ Kc5 39. Nf7 Kd4 40.
Ke2 Nb6 41. a7 Kd5 42. Kd2 Kd4 43. Ke2 Kd5 44. Kd2 1/2-1/2

[Event "Schachfestival 2013 - Open"]
[Site "Bad Woerishofen"]
[Date "2013.03.07"]
[Round "7.23"]
[White "Babar, Michael"]
[Black "Matzat, Andre"]
[Result "1-0"]
[WhiteElo "2201"]
[BlackElo "2078"]
[Annotator "chessorg"]
[PlyCount "73"]
[EventDate "2013.??.??"]
[WhiteTeam "Schachclub Hansa Dortmund e.V."]
[BlackTeam "Oberhausener Schachverein 1887 e"]

1. d4 Nf6 2. Nf3 e6 3. e3 d5 4. Be2 c5 5. O-O Nc6 6. b3 Bd6 7. Bb2 O-O 8. Nbd2
b6 9. Ne5 Bb7 10. f4 Ne7 11. Bd3 Ne4 12. Qe2 f6 13. Nef3 Nf5 14. g4 Nh6 15. Qg2
Nf7 16. Rad1 Qe7 17. Ne1 Nxd2 18. Rxd2 e5 19. Qh3 e4 20. Be2 Rac8 21. c4 Rfd8
22. Nc2 Bb8 23. dxc5 bxc5 24. cxd5 Rxd5 25. Rxd5 Bxd5 26. g5 Be6 27. Bg4 Rc6
28. gxf6 gxf6 29. Kh1 h6 30. Rg1 Kf8 31. Na3 Bc7 32. Qg2 Qd6 33. Nb5 Qd7 34.
Bh5 Bd5 35. Nxc7 Qxc7 36. Qg8+ Ke7 37. Rg7 1-0

[Event "Schachfestival 2013 - Open"]
[Site "Bad Woerishofen"]
[Date "2013.03.07"]
[Round "7.36"]
[White "Guggenberger, Guido"]
[Black "Rahls, Peter"]
[Result "1-0"]
[WhiteElo "2037"]
[BlackElo "2286"]
[Annotator "chessorg"]
[PlyCount "77"]
[EventDate "2013.??.??"]
[WhiteTeam "SC Tarrasch 45 Muenchen"]

1. d4 d5 2. c4 c6 3. cxd5 cxd5 4. Bf4 Nc6 5. e3 e6 6. Nc3 Bd6 7. Bxd6 Qxd6 8.
Nf3 Nf6 9. Bd3 O-O 10. Rc1 e5 11. dxe5 Nxe5 12. Nxe5 Qxe5 13. O-O Rd8 14. Re1
Bg4 15. Be2 h5 16. Qd4 Qg5 17. Bxg4 Nxg4 18. h3 Ne5 19. f4 Nf3+ 20. Kf2 Nxd4
21. fxg5 Ne6 22. h4 d4 23. exd4 Rxd4 24. Re4 Rad8 25. g3 Rd2+ 26. Re2 Nc5 27.
Ke3 R2d6 28. Rcc2 f6 29. gxf6 Rxf6 30. Rcd2 Rdf8 31. Rg2 Rf3+ 32. Ke2 a6 33.
Rd5 Ne6 34. Rxh5 Nd4+ 35. Kd2 Nf5 36. g4 Rd8+ 37. Ke2 Re3+ 38. Kf1 Rd1+ 39.
Nxd1 1-0

[Event "Schachfestival 2013 - Open"]
[Site "Bad Woerishofen"]
[Date "2013.03.07"]
[Round "7.64"]
[White "Malzer, Werner"]
[Black "Willin, Bernhard"]
[Result "1-0"]
[WhiteElo "1925"]
[BlackElo "2027"]
[Annotator "chessorg"]
[PlyCount "131"]
[EventDate "2013.??.??"]
[WhiteTeam "TSV Kirchenlaibach"]
[BlackTeam "SC Horben"]

1. c4 c5 2. g3 Nc6 3. Bg2 g6 4. Nc3 Bg7 5. Nf3 e5 6. O-O Nge7 7. e4 O-O 8. d3
d6 9. Bg5 h6 10. Bd2 Be6 11. Qc1 Kh7 12. Ne1 Nd4 13. h3 Qd7 14. Kh2 f5 15. f4
Nec6 16. Qd1 Rf7 17. Nd5 Raf8 18. Rb1 fxe4 19. dxe4 b5 20. cxb5 Nxb5 21. Be3
Nbd4 22. Qd2 Rb8 23. b3 Qc8 24. Nd3 Rfb7 25. Rfc1 Qf8 26. Nb2 Nb4 27. Nc4 Nxd5
28. Bxd4 exd4 29. f5 Nc3 30. fxe6 Nxb1 31. Rxb1 Rb4 32. Rf1 Qe7 33. Rf7 Qxe6
34. Rxa7 Rf8 35. Ra6 Be5 36. Nb6 Rb8 37. Ra7+ Bg7 38. Nd5 R4b7 39. Rxb7 Rxb7
40. Nf4 Qe5 41. Nd3 Qe7 42. e5 Rb8 43. exd6 Qxd6 44. Qc2 Be5 45. Nxe5 Qxe5 46.
Be4 Rb6 47. a4 Kg7 48. Bd3 Re6 49. a5 Qd6 50. Bc4 Re3 51. Qf2 Qe7 52. a6 Qc7
53. Bd5 Re7 54. Bc4 h5 55. h4 Qd7 56. Qg2 d3 57. a7 Qxa7 58. Bxd3 Rd7 59. Bc4
Rd4 60. Qe2 Qd7 61. Qe5+ Kh7 62. Be6 Qe7 63. Bg8+ Kxg8 64. Qxe7 Rd2+ 65. Kh3
Rd1 66. Qxc5 1-0

[Event "Schachfestival 2013 - Open"]
[Site "Bad Woerishofen"]
[Date "2013.03.07"]
[Round "7.67"]
[White "Spanton, Timothy"]
[Black "Wieczorek, Heinz"]
[Result "1-0"]
[WhiteElo "2024"]
[BlackElo "1818"]
[Annotator "chessorg"]
[PlyCount "71"]
[EventDate "2013.??.??"]
[WhiteTeam "Hastings"]
[BlackTeam "SW Nuernberg Sued e.V."]

1. c4 e5 2. g3 Nf6 3. Bg2 d5 4. cxd5 Nxd5 5. Nf3 Nc6 6. O-O Be7 7. d4 exd4 8.
Nxd4 Ndb4 9. Nxc6 Nxc6 10. Bxc6+ bxc6 11. Qxd8+ Bxd8 12. Bf4 O-O 13. e4 Re8 14.
f3 Rb8 15. Bc1 Bf6 16. Nc3 Bd4+ 17. Kg2 Ba6 18. Re1 f5 19. Rd1 Bxc3 20. bxc3
fxe4 21. f4 e3 22. Re1 e2 23. Kf2 Bd3 24. Be3 a6 25. h3 Rb2 26. g4 Reb8 27. Bd4
R8b5 28. c4 Bxc4 29. Bxb2 Rxb2 30. Rec1 Bxa2 31. Rxc6 Bb3 32. Rxc7 Bd1 33. Rxa6
h5 34. g5 Kh7 35. g6+ Kh6 36. Rc8 1-0

[Event "Schachfestival 2013 - Open"]
[Site "Bad Woerishofen"]
[Date "2013.03.07"]
[Round "7.77"]
[White "Lehmann, Edwin"]
[Black "Dobierzin, Olaf"]
[Result "0-1"]
[WhiteElo "1940"]
[BlackElo "2056"]
[Annotator "chessorg"]
[PlyCount "34"]
[EventDate "2013.??.??"]
[WhiteTeam "SK Koenigsspringer Emden"]
[BlackTeam "Schachgemeinschaft Leipzig"]

1. f4 d5 2. Nf3 g6 3. e3 Bg7 4. Be2 c5 5. O-O Nc6 6. d3 Nf6 7. c3 O-O 8. Ne5
Nxe5 9. fxe5 Ne8 10. d4 Nc7 11. Nd2 Ne6 12. b4 cxb4 13. cxb4 Qb6 14. Qb3 Nxd4
15. exd4 Qxd4+ 16. Kh1 Qxe5 17. Rb1 Qxe2 0-1

[Event "Schachfestival 2013 - Open"]
[Site "Bad Woerishofen"]
[Date "2013.03.07"]
[Round "7.3"]
[White "Belezky, Alexander"]
[Black "Colovic, Aleksandar"]
[Result "1/2-1/2"]
[WhiteElo "2446"]
[BlackElo "2484"]
[Annotator "chessorg"]
[PlyCount "56"]
[EventDate "2013.??.??"]
[WhiteTeam "FC Bayern Muenchen e.V."]

1. Nf3 c5 2. g3 g6 3. Bg2 Bg7 4. d3 Nc6 5. O-O d6 6. c4 e6 7. Nc3 Nge7 8. Bf4
h6 9. Rb1 b6 10. a3 Bb7 11. Nb5 e5 12. Bd2 Qd7 13. b4 Rd8 14. Qc1 g5 15. Ne1
Nd4 16. Nxd4 exd4 17. Bxb7 Qxb7 18. bxc5 dxc5 19. a4 O-O 20. a5 Rd6 21. Qa3 Qd7
22. Ng2 Re8 23. axb6 axb6 24. Qa6 Nc8 25. Rfe1 Rde6 26. Kf1 R6e7 27. Qb5 Qd6
28. Rb3 Kf8 1/2-1/2

[Event "Schachfestival 2013 - Open"]
[Site "Bad Woerishofen"]
[Date "2013.03.07"]
[Round "7.14"]
[White "Rogobete, Nikolas"]
[Black "Comes, Bruno"]
[Result "1/2-1/2"]
[WhiteElo "2244"]
[BlackElo "2153"]
[Annotator "chessorg"]
[PlyCount "42"]
[EventDate "2013.??.??"]
[WhiteTeam "SC Tuerkheim/Bad Woerishofen"]
[BlackTeam "SC 1948 Pruem"]

1. e4 e5 2. Nf3 Nf6 3. Nxe5 d6 4. Nf3 Nxe4 5. Nc3 Nxc3 6. dxc3 Be7 7. Be3 Nc6
8. Qd2 Be6 9. a3 Qd7 10. O-O-O a6 11. Bd3 O-O-O 12. Qe2 Qe8 13. Nd4 Nxd4 14.
Bxd4 Qa4 15. c4 d5 16. cxd5 Rxd5 17. Bc4 Rd6 18. Bxe6+ Rxe6 19. Qf3 Bf6 20.
Bxf6 Rxf6 21. Qg3 Qf4+ 1/2-1/2

[Event "Schachfestival 2013 - Open"]
[Site "Bad Woerishofen"]
[Date "2013.03.07"]
[Round "7.72"]
[White "Schellmann, Frank"]
[Black "Estremera, Sergio"]
[Result "1/2-1/2"]
[WhiteElo "2136"]
[BlackElo "2365"]
[Annotator "chessorg"]
[PlyCount "66"]
[EventDate "2013.??.??"]
[WhiteTeam "SG Einheit Halle"]

1. e4 e5 2. Nf3 Nc6 3. Bc4 Bc5 4. c3 Nf6 5. d3 d6 6. Bb3 a6 7. h3 Ba7 8. Nbd2
O-O 9. Nf1 Ne7 10. Ng3 Ng6 11. O-O Be6 12. Re1 c6 13. d4 Re8 14. Bg5 h6 15. Be3
Qc8 16. Kh2 Qc7 17. Qd2 Bxb3 18. axb3 d5 19. Nxe5 Nxe4 20. Nxe4 dxe4 21. Kg1
Nxe5 22. dxe5 Bxe3 23. Qxe3 Qxe5 24. Ra4 f5 25. f3 Rad8 26. fxe4 fxe4 27. Rxe4
Qxe4 28. Qxe4 Rxe4 29. Rxe4 Rd2 30. Re7 b5 31. Ra7 Rxb2 32. Rxa6 Rxb3 33. Rxc6
b4 1/2-1/2

[Event "Schachfestival 2013"]
[Site "Bad Woerishofen"]
[Date "2013.03.07"]
[Round "8.1"]
[White "Starostits, Ilmars"]
[Black "Epishin, Vladimir"]
[Result "1/2-1/2"]
[WhiteElo "2470"]
[BlackElo "2607"]
[Annotator "chessorg"]
[PlyCount "25"]
[EventDate "2013.??.??"]
[WhiteTeam "SC Schwegenheim"]
[BlackTeam "Luebecker SV von 1873"]

1. e4 c6 2. d4 d5 3. e5 Bf5 4. Nf3 e6 5. Be2 Ne7 6. Nbd2 Bg6 7. Nb3 Nd7 8. O-O
Nc8 9. Be3 Be7 10. c3 Ncb6 11. Na5 Qc7 12. b4 O-O 13. Nd2 1/2-1/2

[Event "Schachfestival 2013"]
[Site "Bad Woerishofen"]
[Date "2013.03.07"]
[Round "8.2"]
[White "Mainka, Romuald"]
[Black "Romanishin, Oleg"]
[Result "1/2-1/2"]
[WhiteElo "2430"]
[BlackElo "2503"]
[Annotator "chessorg"]
[PlyCount "27"]
[EventDate "2013.??.??"]
[WhiteTeam "SF Bad Mergentheim"]
[BlackTeam "Schachclub Hansa Dortmund e.V."]

1. e4 e5 2. Nf3 Nc6 3. Bb5 a6 4. Ba4 Nf6 5. O-O Be7 6. d3 b5 7. Bb3 d6 8. a4
Bd7 9. axb5 axb5 10. Rxa8 Qxa8 11. c3 O-O 12. Re1 b4 13. Nbd2 Rb8 14. h3
1/2-1/2

[Event "Schachfestival 2013"]
[Site "Bad Woerishofen"]
[Date "2013.03.07"]
[Round "8.5"]
[White "Teske, Henrik"]
[Black "Ivanov, Mikhail"]
[Result "1/2-1/2"]
[WhiteElo "2513"]
[BlackElo "2390"]
[Annotator "chessorg"]
[PlyCount "114"]
[EventDate "2013.??.??"]
[WhiteTeam "SC 1950 Remagen"]
[BlackTeam "Bad Mergentheim"]

1. e4 e5 2. Nf3 Nc6 3. Nc3 Nf6 4. Bb5 Bc5 5. O-O O-O 6. Nxe5 Nxe5 7. d4 Bd6 8.
f4 Ng6 9. e5 c6 10. Bd3 Bc7 11. exf6 Qxf6 12. d5 Ne7 13. Kh1 Nxd5 14. Nxd5 cxd5
15. Qh5 g6 16. Qxd5 Qc6 17. Qg5 f5 18. b4 Bd8 19. Qg3 Bf6 20. b5 Qc7 21. Ba3 d6
22. Rad1 Be6 23. Bb4 Rad8 24. Qe3 Rfe8 25. Qxa7 Ra8 26. Qf2 Rxa2 27. Rfe1 d5
28. Bc5 Ra4 29. Re2 Rxf4 30. Qe1 Qxc5 31. Rxe6 Rxe6 32. Qxe6+ Kg7 33. Qd7+ Qe7
34. Qxd5 Rd4 35. Qf3 h5 36. Qf2 b6 37. Re1 Qd8 38. Qf3 Rd6 39. g3 h4 40. g4
fxg4 41. Qxg4 Bc3 42. Re4 Qf6 43. Kg2 Rd4 44. Kh3 Rxe4 45. Qxe4 Qf5+ 46. Qxf5
gxf5 47. Kxh4 Kh6 48. Bxf5 Bd4 49. c4 Bc5 50. Kg4 Bg1 51. h4 Bc5 52. h5 Bg1 53.
Bg6 Bc5 54. Kf5 Bg1 55. Ke6 Bc5 56. Kd7 Bg1 57. Kc7 Bf2 1/2-1/2

[Event "Schachfestival 2013"]
[Site "Bad Woerishofen"]
[Date "2013.03.07"]
[Round "8.7"]
[White "Pap, Misa"]
[Black "Wichmann, Cliff"]
[Result "1-0"]
[WhiteElo "2511"]
[BlackElo "2349"]
[Annotator "chessorg"]
[PlyCount "91"]
[EventDate "2013.??.??"]
[WhiteTeam "Sfr. Korbach"]
[BlackTeam "ESV Nickelhuette Aue"]

1. e4 e5 2. Nf3 Nf6 3. d4 exd4 4. e5 Ne4 5. Qxd4 d5 6. exd6 Nxd6 7. Nc3 Nc6 8.
Qf4 Bf5 9. Bb5 Qe7+ 10. Be3 Nxb5 11. Nxb5 Qb4+ 12. Qxb4 Bxb4+ 13. c3 Ba5 14. b4
Bd3 15. a4 a6 16. O-O-O axb5 17. Rxd3 Nxb4 18. cxb4 Bxb4 19. Bd2 Bxd2+ 20. Nxd2
O-O 21. axb5 c6 22. Kb2 cxb5 23. Re1 Ra4 24. Rde3 Rb4+ 25. Nb3 g6 26. Re8 h5
27. f3 Rf4 28. R8e4 Rf6 29. Re5 Rb6 30. R1e4 Kg7 31. Rb4 Rf6 32. Rbxb5 b6 33.
Re2 Rd8 34. Nd2 Rc6 35. Ne4 Rdc8 36. Rd5 Rc1 37. Rd7 R8c7 38. Rxc7 Rxc7 39. Nd6
Rc6 40. Rd2 Kf6 41. Ne4+ Ke5 42. Nc3 f6 43. Rd5+ Kf4 44. Rd3 Re6 45. g3+ Kg5
46. Ne4+ 1-0

[Event "Schachfestival 2013"]
[Site "Bad Woerishofen"]
[Date "2013.03.07"]
[Round "8.8"]
[White "Estremera, Sergio"]
[Black "Zude, Arno"]
[Result "1/2-1/2"]
[WhiteElo "2365"]
[BlackElo "2461"]
[Annotator "chessorg"]
[PlyCount "72"]
[EventDate "2013.??.??"]
[BlackTeam "SV 1920 Hofheim"]

1. d4 Nf6 2. c4 e6 3. Nc3 d5 4. Bg5 Be7 5. Nf3 Nbd7 6. e3 h6 7. Bh4 O-O 8. Bd3
dxc4 9. Bxc4 a6 10. a4 c5 11. O-O cxd4 12. exd4 Qa5 13. Re1 Bb4 14. Qb3 Bxc3
15. bxc3 b6 16. Ne5 Bb7 17. Bxe6 Nxe5 18. Rxe5 b5 19. Bxf6 gxf6 20. Bxf7+ Rxf7
21. Re7 Raf8 22. Rxb7 Kg7 23. Rxf7+ Rxf7 24. c4 Re7 25. h3 Re1+ 26. Rxe1 Qxe1+
27. Kh2 b4 28. Qg3+ Kf7 29. Qc7+ Kg6 30. Qb8 Kf7 31. c5 Qc3 32. c6 Qxd4 33.
Qb7+ Ke6 34. c7 Qf4+ 35. Kg1 Qc1+ 36. Kh2 Qf4+ 1/2-1/2

[Event "Schachfestival 2013"]
[Site "Bad Woerishofen"]
[Date "2013.03.07"]
[Round "8.9"]
[White "Friedrich, Norbert"]
[Black "Pirrot, Dieter"]
[Result "1-0"]
[WhiteElo "2321"]
[BlackElo "2377"]
[Annotator "chessorg"]
[PlyCount "85"]
[EventDate "2013.??.??"]
[WhiteTeam "SG Waldshut-Tiengen"]
[BlackTeam "SV Hofheim"]

1. e4 e5 2. Nf3 d6 3. d4 exd4 4. Qxd4 Nf6 5. Nc3 Be7 6. Bg5 O-O 7. O-O-O Nc6 8.
Qd2 Be6 9. h3 a6 10. g4 b5 11. Qf4 Re8 12. Kb1 h6 13. Bh4 b4 14. Ne2 Ne5 15.
Nxe5 dxe5 16. Rxd8 exf4 17. Rxa8 Rxa8 18. Nxf4 g5 19. Nxe6 fxe6 20. Bg3 Nxe4
21. Bxc7 Rc8 22. Bb6 Nd2+ 23. Kc1 Nxf1 24. Rxf1 Bc5 25. Ba5 Rf8 26. f3 e5 27.
Kd1 e4 28. Ke2 Rf4 29. Bc7 Rf7 30. Bg3 Bd4 31. b3 exf3+ 32. Rxf3 Rd7 33. Rd3
Re7+ 34. Kf3 Bc5 35. Bd6 Bxd6 36. Rxd6 Rc7 37. Rxh6 Rxc2 38. Rxa6 Rc3+ 39. Ke4
Rxh3 40. Kf5 Rd3 41. Kxg5 Rd8 42. Kg6 Rb8 43. g5 1-0

[Event "Schachfestival 2013"]
[Site "Bad Woerishofen"]
[Date "2013.03.07"]
[Round "8.20"]
[White "Stuemer, Paul"]
[Black "Babar, Michael"]
[Result "1/2-1/2"]
[WhiteElo "2117"]
[BlackElo "2201"]
[Annotator "chessorg"]
[PlyCount "48"]
[EventDate "2013.??.??"]
[WhiteTeam "SV Bergneustadt/Derschlag"]
[BlackTeam "Schachclub Hansa Dortmund e.V."]

1. Nf3 Nf6 2. c4 c5 3. Nc3 Nc6 4. g3 g6 5. Bg2 Bg7 6. O-O d6 7. a3 O-O 8. d3
Bg4 9. h3 Bd7 10. Rb1 Nd4 11. Ne1 Bc6 12. e4 Rc8 13. f4 Nd7 14. Ne2 f5 15. Nxd4
Bxd4+ 16. Kh2 e6 17. Nf3 Bg7 18. Re1 Re8 19. b4 b6 20. Bb2 Bxb2 21. Rxb2 Nf8
22. Rbe2 Qd7 23. b5 Ba8 24. a4 h6 1/2-1/2

[Event "Schachfestival 2013"]
[Site "Bad Woerishofen"]
[Date "2013.03.07"]
[Round "8.21"]
[White "Schelle, Artur"]
[Black "Hornung, Hans"]
[Result "1-0"]
[WhiteElo "2208"]
[BlackElo "2107"]
[Annotator "chessorg"]
[PlyCount "59"]
[EventDate "2013.??.??"]
[WhiteTeam "SC Tarrasch 45 Muenchen"]
[BlackTeam "SK Klosterlechfeld"]

1. e4 c5 2. Nc3 e6 3. f4 d5 4. Nf3 Nc6 5. Bb5 Nf6 6. d3 Be7 7. O-O O-O 8. Bxc6
bxc6 9. Qe1 c4 10. e5 Ne8 11. d4 Nc7 12. Be3 Na6 13. Na4 Rb8 14. Rb1 Nb4 15.
Rf2 c3 16. Nxc3 Qa5 17. a3 Na6 18. Rf1 Nc7 19. Kh1 Ba6 20. Rg1 Nb5 21. Nxd5 Qd8
22. Nxe7+ Qxe7 23. c4 Nc7 24. Qc3 c5 25. dxc5 Bb7 26. Bf2 Ne8 27. b4 f6 28. Bh4
Qc7 29. Nd4 Qf7 30. c6 1-0

[Event "Schachfestival 2013"]
[Site "Bad Woerishofen"]
[Date "2013.03.07"]
[Round "8.23"]
[White "Grawe, Christian"]
[Black "Hess, Max"]
[Result "1-0"]
[WhiteElo "2199"]
[BlackElo "2001"]
[Annotator "chessorg"]
[PlyCount "65"]
[EventDate "2013.??.??"]
[WhiteTeam "Schachklub Germering e. V."]
[BlackTeam "Post-SV Memmingen"]

1. e4 c5 2. c3 b6 3. d4 Bb7 4. Bd3 Nf6 5. Nd2 cxd4 6. cxd4 Nc6 7. Ne2 g6 8. O-O
Bg7 9. a3 O-O 10. Nf3 e6 11. Nc3 d6 12. h3 a6 13. Re1 Nd7 14. Be3 b5 15. b4 e5
16. Bf1 f5 17. exf5 gxf5 18. dxe5 Ncxe5 19. Nxe5 dxe5 20. Qb3+ Kh8 21. Rad1 Qe8
22. f3 Nf6 23. Rd6 Qg6 24. Kh1 Qg3 25. Qd1 e4 26. fxe4 Nxe4 27. Nxe4 Bxe4 28.
Bd4 Qxh3+ 29. Kg1 Qg3 30. Rd7 Rg8 31. Re3 Qg5 32. Rh3 Rad8 33. Bxg7+ 1-0

[Event "Schachfestival 2013"]
[Site "Bad Woerishofen"]
[Date "2013.03.07"]
[Round "8.27"]
[White "Thiel, Kuno"]
[Black "Guggenberger, Guido"]
[Result "1-0"]
[WhiteElo "2196"]
[BlackElo "2037"]
[Annotator "chessorg"]
[PlyCount "33"]
[EventDate "2013.??.??"]
[WhiteTeam "Schachverein Hennef 1927 e.V."]
[BlackTeam "SC Tarrasch 45 Muenchen"]

1. d4 d5 2. c4 e6 3. Nc3 c6 4. e3 Bd6 5. Nf3 f5 6. Bd3 Nf6 7. Qc2 Ne4 8. a3 Nd7
9. Bd2 O-O 10. h3 b6 11. cxd5 exd5 12. Nxe4 dxe4 13. Qxc6 Qc7 14. Qxc7 Bxc7 15.
Bc4+ Kh8 16. Ng5 Nf6 17. Bb4 1-0

[Event "Schachfestival 2013"]
[Site "Bad Woerishofen"]
[Date "2013.03.07"]
[Round "8.29"]
[White "Valet, Richard"]
[Black "Pleyer, Felix"]
[Result "1-0"]
[WhiteElo "2056"]
[BlackElo "2147"]
[Annotator "chessorg"]
[PlyCount "85"]
[EventDate "2013.??.??"]
[WhiteTeam "Greifswalder Schachverein"]
[BlackTeam "SC Sonthofen"]

1. e4 Nf6 2. e5 Nd5 3. d4 d6 4. c4 Nb6 5. f4 dxe5 6. fxe5 Nc6 7. Be3 Bf5 8. Nc3
e6 9. Nf3 Bg4 10. Qd2 Bb4 11. a3 Bxc3 12. Qxc3 Qe7 13. Be2 f6 14. exf6 gxf6 15.
O-O-O O-O-O 16. Rhe1 Kb8 17. b4 a6 18. Qb3 a5 19. b5 a4 20. Qc3 Na5 21. Kb2
Bxf3 22. gxf3 Nb3 23. Bf2 h5 24. c5 Nd5 25. Qc4 Na5 26. Qxa4 b6 27. Bf1 f5 28.
Re5 Qf6 29. Be1 f4 30. Bxa5 bxa5 31. Qxa5 Ne3 32. Rxe3 fxe3 33. b6 cxb6 34.
Qxb6+ Ka8 35. Bb5 Rc8 36. Bc6+ Rxc6 37. Qxc6+ Ka7 38. Qc7+ Ka8 39. Qc6+ Ka7 40.
Qb6+ Ka8 41. Ka2 Qf7 42. Rb1 e5+ 43. Ka1 1-0

[Event "Schachfestival 2013"]
[Site "Bad Woerishofen"]
[Date "2013.03.07"]
[Round "8.31"]
[White "Wörl, Richard"]
[Black "Schleich, Theo"]
[Result "1-0"]
[WhiteElo "2054"]
[BlackElo "2099"]
[Annotator "chessorg"]
[PlyCount "63"]
[EventDate "2013.??.??"]
[WhiteTeam "SW Nuernberg Sued e.V."]
[BlackTeam "SK Siemens Muenchen"]

1. e4 c5 2. Be2 e6 3. c3 Nc6 4. f4 d5 5. d3 Nf6 6. e5 Nd7 7. Nf3 Be7 8. O-O O-O
9. d4 c4 10. Qe1 b5 11. Qg3 Kh8 12. Ng5 Bxg5 13. fxg5 f6 14. g6 hxg6 15. Qh3+
Kg8 16. Qxe6+ Rf7 17. Qxc6 Nb6 18. Bf4 Rc7 19. Qd6 Rd7 20. Qa3 g5 21. Bg3 f5
22. Rxf5 Rb7 23. Rf2 Be6 24. Nd2 a5 25. Bh5 Nd7 26. Raf1 b4 27. cxb4 axb4 28.
Qf3 Qe7 29. Bg4 Rxa2 30. Bxe6+ Qxe6 31. Nxc4 Rba7 32. Ne3 1-0

[Event "Schachfestival 2013"]
[Site "Bad Woerishofen"]
[Date "2013.03.07"]
[Round "8.32"]
[White "Hehn, Hartmut"]
[Black "Baeuml, Ulrich"]
[Result "0-1"]
[WhiteElo "2047"]
[BlackElo "2094"]
[Annotator "chessorg"]
[PlyCount "40"]
[EventDate "2013.??.??"]
[WhiteTeam "SV Ebersbach"]
[BlackTeam "SC Dillingen"]

1. e4 e6 2. b3 d5 3. Bb2 dxe4 4. Nc3 Nf6 5. g4 e5 6. g5 Ng4 7. Nxe4 f5 8. gxf6
gxf6 9. h3 f5 10. hxg4 fxe4 11. Bxe5 Rg8 12. Rxh7 Bxg4 13. Ne2 Nc6 14. Bxc7 Qf6
15. Bh3 Bc5 16. f4 Qg6 17. Rh4 Bxh3 18. d4 Bb4+ 19. Kf2 Qg2+ 20. Ke3 Qf3# 0-1

[Event "Schachfestival 2013"]
[Site "Bad Woerishofen"]
[Date "2013.03.07"]
[Round "8.37"]
[White "Fiedler, Wolfgang"]
[Black "Astengo, Corrado"]
[Result "1-0"]
[WhiteElo "1999"]
[BlackElo "2171"]
[Annotator "chessorg"]
[PlyCount "87"]
[EventDate "2013.??.??"]
[WhiteTeam "SK Zirndorf e.V."]
[BlackTeam "Societe  Scacchistica Milanese"]

1. f4 d5 2. Nf3 Nf6 3. e3 c6 4. b3 Bg4 5. Be2 Nbd7 6. Bb2 e6 7. Ne5 Bxe2 8.
Qxe2 Nxe5 9. fxe5 Ne4 10. O-O Be7 11. d3 Nc5 12. Nd2 O-O 13. Rf3 f5 14. exf6
Bxf6 15. Raf1 Nd7 16. Bxf6 Rxf6 17. Rxf6 Nxf6 18. e4 dxe4 19. Nxe4 Qd4+ 20. Qf2
Qxf2+ 21. Nxf2 Nd5 22. a3 Ne3 23. Rc1 Rd8 24. Ne4 b6 25. Kf2 Ng4+ 26. Kf3 Ne5+
27. Kf4 Ng6+ 28. Ke3 Rf8 29. g3 Ne5 30. h3 Rf3+ 31. Ke2 Rf8 32. Rf1 Rxf1 33.
Kxf1 Nf3 34. c3 h6 35. d4 Ng5 36. Nxg5 hxg5 37. Kf2 Kf7 38. Kf3 Kf6 39. Ke4 c5
40. dxc5 bxc5 41. b4 Ke7 42. Ke5 Kd7 43. b5 g6 44. c4 1-0